000 01496nam0a2200361 4500
001 RU\NLR\bibl\1228153
005 20260405134120.0
010 _a978-5-9680-0061-3
_93000
035 _a(NLR Aleph) 001214444
090 _a98798
_c98798
100 _a20080519d2007 |||y0rusy50 ca
101 0 _arus
102 _aRU
105 _aa |||||||||
200 1 _aКортес и его капитаны
_fАндрей Кофман
210 _aМосква
_cПан пресс
_d2007
215 _a330, [3] с.
_cил., портр., карт.
_d27
300 _aНа 4-й с. обл. авт.: Кофман А.Ф. - д.филол.н., лауреат нац. премии в обл. дет. лит.
320 _aБиблиогр.: с. 329-331 и в подстроч. прим.
320 _aДр. произведения авт. на 4-й с. обл.
600 1 _aКортес
_bФ.
_f1485 - 1547
_gФернандо
_91615903
_3RU\NLR\auth\66712525
607 _aАмерика
_xОткрытие и исследования испанцами
_92438460
_3RU\NLR\auth\661450840
686 _aД8д(3)Кортес
686 _aД890(7)023
686 _aТ3(7)4-05
700 1 _aКофман
_bА. Ф.
_gАндрей Федорович
_4070
702 1 _4570
_7ca
_8rus
_aКортес
_bЭ.
_f1485-1547
_gЭрнан
_937617
_3RU\NLR\auth\7754685
801 0 _aRU
_bNLR
_c20080519
_gRCR
801 1 _aRU
_bNLR
_c20080519
830 _aАвт. по кн.
942 _cBOOK
980 _aNB